LEADER 00976nam a2200217 i 4500 001 000000245803 003 CaOOAMICUS 005 20151016000000.0 008 151016s1729 it u000 u ita u 013 $a224708 026 $aa,e vao- toa- meOv (7) 1729 (R) 040 $aSeMil$bita 245 10$aParte 1. 300 $a528 p., [1] carta di tav. :$britr. 500 $aFront. stampato in rosso e nero. - Segn.: A-Y12. 773 0 $aFrançois : de Sales $tLettere spirituali di s. Francesco di Sales vescovo e principe di Geneva, fondatore dell'Ordine della visitazione di Maria. Tradotte dal francese nell'italiano da un suo divoto. Parte 1. [-3.].$dIn Padova : Nella Stamperia del Seminario appresso Giovanni Manfrè, 1729.$g1$w()1179 850 $aSeMil 852 $aSeMil$W1$xVenegono$y1$m3H I 143 FA$j196149$B196149$CSeMilBibl$Z2$F206965 $8I 941 1 $a10 961 $aRecupero: Mantegazza 996 $6245$aParte 1$9(OLS)http://semarc/title/49080 LEADER 00922nam a2200205 i 4500 001 000000193100 003 CaOOAMICUS 005 20101012000000.0 008 101012s1954 it u000 u ita u 013 $a171740 040 $aSeMil$bita 100 1 $aTragella, Giovanni Battista.$0(OLS)http://semarc/name/4857 245 13$aUn'anima di fuoco P. Paolo Manna (1872-1952) /$cP. G. B. Tragella Missionario Apostolico. 260 $aNapoli :$bPontificio Istituto Missioni Estere,$cstampa 1954. 300 $aVIII, 382 p., [22] p. di tav. :$bill. ;$c21 cm. 650 4$aManna, Paolo .$0(OLS)http://semarc/subject/12569 850 $aSeMil 852 $aSeMil$W1$xVenegono$y1$m3J III 54$j143674$B143674$CSeMilBibl$Z2$F155214 $81 996 $6245$aUn'anima di fuoco P. Paolo Manna (1872-1952)$9(OLS)http://semarc/title/278351 996 $6260$aNapoli :$bPontificio Istituto Missioni Estere$9(OLS)http://semarc/publisher/47136